00828nam a2200277Ia 4500008004000000020001800040041000800058082001700066100001800083245007700101260002700178300000800205650001600213650001700229650001400246650000700260650001300267650001300280650001200293650000900305650000800314690001200322906001100334999001900345952018600364210210b2007 xxu||||| |||| 00| 0 eng d a9781861349163 aeng a306.768 HINT aHINES (Sally) aTransforming gender: transgender practices of identity intimacy and care aUKbPolicy Pressc2007 a227 atransgender aTransforming apractices aof aintimacy aidentity agender: acare aand aCulture a071353 c120860d120860 001040708Political ScienceaALbALcSociologyd2021-02-17eBiblios Book Point, Surathkal-575014g2263.73l1o306.768 HINTp071353r2025-12-03 10:32:59s2025-12-02w2021-02-17yBK